000
00330nam a2200133Ia 4500
008
100415s9999 xx 000 0 und d
082
_b
12292
_a
500
245
_a
Hidden Worlds
260
_a
WASHINGTON
_c
1981
_b
NATIONAL GEOGRAPHIC SOCIETY
365
_b
200
630
_a
Hidden Worlds
730
_a
Hidden Worlds
942
_c
BOOK
999
_c
595209
_d
595206